Normal view
MARC view
Entry Personal Name
001 - CONTROL NUMBER
- control field: 4002
003 - CONTROL NUMBER IDENTIFIER
- control field: Ke-BoTe
005 - DATE AND TIME OF LATEST TRANSACTION
- control field: 20220428163304.0
008 - FIXED-LENGTH DATA ELEMENTS
- fixed length control field: 220428|| aca||aabn | a|a d
040 ## - CATALOGING SOURCE
- Original cataloging agency: Ke-BoTe
- Transcribing agency: Ke-BoTe
100 ## - HEADING--PERSONAL NAME
- Personal name: Smith, David E.
- Fuller form of name: (David Elvin),
- Dates associated with a name: 1939-
670 ## - SOURCE DATA FOUND
- Source citation: Work cat.: (Ke-BoTe)1993: National Drug Abuse Conference, 4th, San Francisco, 1977. 3996, A multicultural view of drug abuse :, c1978.
